Lucky Loser: How to Donald Trump Squandered His Father's Fortune and Created The Illusion of Success (Record no. 43210)

MARC details
000 -LEADER
fixed length control field 00519nam a22001817a 4500
005 - DATE AND TIME OF LATEST TRANSACTION
control field 20250128142225.0
008 - FIXED-LENGTH DATA ELEMENTS--GENERAL INFORMATION
fixed length control field 250127b |||||||| |||| 00| 0 eng d
020 ## - INTERNATIONAL STANDARD BOOK NUMBER
International Standard Book Number 9781847928245
041 ## - LANGUAGE CODE
Language code of text/sound track or separate title Eng
082 ## - DEWEY DECIMAL CLASSIFICATION NUMBER
Classification number 973.9330 BUE
100 ## - MAIN ENTRY--PERSONAL NAME
Author Buettner,Russ
245 ## - TITLE STATEMENT
Title Lucky Loser: How to Donald Trump Squandered His Father's Fortune and Created The Illusion of Success
260 ## - PUBLICATION, DISTRIBUTION, ETC.
Place London
Publisher Penguin Random House (BH)
Publication Year 2024
300 ## - PHYSICAL DESCRIPTION
Extent 519:. P
650 ## - SUBJECT ADDED ENTRY--TOPICAL TERM
Subject Biography
700 ## - ADDED ENTRY--PERSONAL NAME
Co-Author Craig, Susanne
942 ## - ADDED ENTRY ELEMENTS (KOHA)
Koha item type Books
Holdings
Withdrawn status Lost status Source of classification or shelving scheme Damaged status Not for loan Home library Current library Shelving location Accession Date Vendor Price Bill number Total Checkouts Full call number Barcode No Date last seen Date last checked out Bill Date Koha item type
    Dewey Decimal Classification     IMTN IMTN Rack 41-B 01/27/2025 Amazon.in 648.00 HYD8-351737 1 973.9330 BUE 33612 06/02/2025 05/17/2025 12/11/2024 Books
Designed & Maintained by: LRC IMT Nagpur Contact: lrc@imtnag.ac.in© 2024. All Rights Reserved.